00310nam a2200133Ia 45000030006000000080041000060400015000471000029000622450019000912500010001102600027001205460012001470050017001590STCL150530s9999 xx 000 0 und d aSTCLcSTCL aBhabani Bhattacharya, C. aMahatma Gandhi aFirst bArnold Heinemannc1977 aEnglish20220125170635.0